Test de Rapidité - Lettre "F" - Statistiques

Statistiques générales
  • Ce quiz a été pris 980 fois
  • Le résultat moyen est 91 sur 100
Statistiques - réponses
Lettre "F" % Correct
F
100%
F
99%
F
99%
F
99%
F
99%
F
98%
F
97%
F
97%
F
97%
F
97%
F
97%
F
97%
F
97%
F
97%
F
97%
F
97%
F
97%
F
97%
F
96%
F
96%
F
96%
F
96%
F
96%
F
96%
F
96%
F
95%
F
95%
F
95%
F
95%
F
95%
F
95%
F
95%
F
95%
F
95%
F
95%
F
95%
F
95%
F
95%
F
95%
F
95%
F
94%
F
94%
F
94%
F
94%
F
94%
F
93%
F
93%
F
93%
F
93%
F
93%
F
93%
F
93%
F
93%
F
93%
F
93%
F
93%
F
92%
F
92%
F
92%
F
92%
F
92%
F
92%
F
92%
F
92%
F
91%
F
91%
F
91%
F
91%
F
90%
F
90%
F
90%
F
90%
F
89%
F
89%
F
88%
F
87%
F
87%
F
86%
F
86%
F
86%
F
84%
F
84%
F
83%
F
83%
F
83%
F
83%
F
81%
F
80%
F
80%
F
79%
F
78%
F
77%
F
76%
F
76%
F
75%
F
74%
F
73%
F
72%
F
71%
F
70%
Aucun quiz correspondant
Distribution des résultats
% des personnes avec chaque résultat
Percentile par nombre de réponses
Votre historique - résultats
Vous n’avez pas pris ce quiz